[Event "28. Erfurter Schachfestival 2018 - Haupt"]
[Site "Erfurt"]
[Date "2018.12.28"]
[Round "4.10"]
[White "Röhr, Oliver"]
[Black "Haag, Wadim"]
[Result "1-0"]
[WhiteElo "1878"]
[BlackElo "1769"]
[PlyCount "74"]
[EventDate "2018.12.26"]

1. e4 c6 2. c4 e5 3. Nf3 d6 4. Be2 Nf6 5. Nc3 Be7 6. O-O Be6 7. d4 exd4 8. Nxd4
O-O 9. Be3 Nbd7 10. Nxe6 fxe6 11. Qd2 e5 12. Rad1 Qc7 13. b3 Rad8 14. g3 Kh8
15. h3 b6 16. Bf3 Nc5 17. Bxc5 bxc5 18. Bg2 Nh5 19. Ne2 g6 20. Qd3 Ng7 21. f4
Bf6 22. f5 g5 23. g4 a5 24. Qe3 h6 25. h4 Kh7 26. hxg5 Bxg5 27. Qd3 Rf6 28. Kf2
Rh8 29. Rh1 Kg8 30. Bf3 Qa7 31. a4 Qb6 32. Ng3 Qb7 33. Qc3 Kf7 34. Kg2 Qc7 35.
Ne2 Rb8 36. Ng3 Kg8 37. Nh5 Rff8 1-0

[Event "28. Erfurter Schachfestival 2018 - Meist"]
[Site "Erfurt"]
[Date "2018.12.28"]
[Round "4.1"]
[White "Nagy, Gabor"]
[Black "Engers, Felix"]
[Result "1/2-1/2"]
[WhiteElo "2472"]
[BlackElo "2117"]
[PlyCount "86"]
[EventDate "2018.12.26"]

1. Nf3 Nf6 2. d4 g6 3. Nbd2 d5 4. b4 Bg7 5. e3 O-O 6. Bb2 b6 7. c4 c6 8. a4
Nbd7 9. Be2 a5 10. b5 c5 11. Nb3 Ne4 12. cxd5 Bb7 13. Bc4 Rc8 14. Rc1 Nd6 15.
Be2 Bxd5 16. O-O e6 17. Ba3 Ne4 18. Bc4 Ba8 19. Bd3 Ng5 20. Ne1 Nh3+ 21. Kh1
Qh4 22. Qe2 Ng5 23. f4 Ne4 24. Kg1 Rfd8 25. Nf3 Qh5 26. Qc2 Nef6 27. e4 Bb7 28.
dxc5 Nxc5 29. Bxc5 Nd7 30. Be7 Rxc2 31. Rxc2 Re8 32. Rc7 Bxe4 33. Bxe4 Rxe7 34.
Rd1 Nf6 35. Rxe7 Bf8 36. Rd8 Kg7 37. Rxf7+ Kxf7 38. Ng5+ Ke7 39. Bf3 Ng4 40. h3
Kxd8 41. g3 Qxg5 42. fxg5 Ne5 43. Be2 Nd7 1/2-1/2

[Event "28. Erfurter Schachfestival 2018 - Meist"]
[Site "Erfurt"]
[Date "2018.12.28"]
[Round "4.2"]
[White "Osmanodja, Filiz"]
[Black "Abel, Dennes"]
[Result "0-1"]
[WhiteElo "2318"]
[BlackElo "2465"]
[PlyCount "114"]
[EventDate "2018.12.26"]

1. e4 c6 2. d4 d5 3. Nc3 a6 4. Bd3 dxe4 5. Nxe4 Bf5 6. Nf3 e6 7. h4 Nf6 8.
Nxf6+ gxf6 9. Bf4 Bxd3 10. Qxd3 Bd6 11. Bh6 Qa5+ 12. Kf1 Qh5 13. Bg7 Rg8 14.
Bxf6 Nd7 15. Bg5 f6 16. Re1 O-O-O 17. Rxe6 fxg5 18. Rxd6 g4 19. Nd2 g3 20. f3
Qf7 21. Nc4 Kc7 22. Rh6 Nf6 23. Ne5 Qg7 24. Qe3 Rxd4 25. Qxd4 Qxh6 26. Qd6+
Kxd6 27. Nf7+ Ke6 28. Nxh6 Rg6 29. Ng4 Nxg4 30. fxg4 Rxg4 31. Ke2 Rf4 32. Re1
Rf2+ 33. Ke3 Kf5 34. Re2 Rf4 35. h5 Kg4 36. Rd2 Rf7 37. h6 Re7+ 38. Kd3 Re6 39.
Re2 Rxh6 40. Re7 Rh2 41. Rg7+ Kf4 42. Rf7+ Ke5 43. Rxb7 h5 44. Re7+ Kf4 45.
Re4+ Kf5 46. Re2 h4 47. Ke3 Kg4 48. Rd2 Rxg2 49. Rxg2 h3 50. Rd2 h2 51. Rd4+
Kg5 52. Rd1 g2 53. Kf2 h1=Q 54. Rg1 Kf4 55. Rxg2 Qb1 56. b3 Qxc2+ 57. Kg1 Qd1+
0-1

[Event "28. Erfurter Schachfestival 2018 - Meist"]
[Site "Erfurt"]
[Date "2018.12.28"]
[Round "4.3"]
[White "Steinacker, Alex"]
[Black "Carlstedt, Jonathan"]
[Result "1/2-1/2"]
[WhiteElo "2278"]
[BlackElo "2412"]
[PlyCount "57"]
[EventDate "2018.12.26"]

1. g3 e5 2. c4 Nf6 3. Bg2 c6 4. d4 exd4 5. Qxd4 d5 6. Nf3 Be7 7. O-O O-O 8.
cxd5 cxd5 9. Ne5 Nc6 10. Nxc6 bxc6 11. Nc3 Qb6 12. Be3 Ba6 13. Qxb6 axb6 14.
Bxb6 Rab8 15. Bd4 c5 16. Be5 Rbd8 17. Bxf6 Bxf6 18. Nxd5 Bxb2 19. Rab1 Rb8 20.
Rfd1 c4 21. Rd2 Ba3 22. Rbd1 Rfc8 23. Bh3 Rc6 24. Rc2 Kf8 25. e4 Rd6 26. Bf1
Rb2 27. Rdc1 Rb8 28. Rd1 Rb2 29. Rdc1 1/2-1/2

[Event "28. Erfurter Schachfestival 2018 - Meist"]
[Site "Erfurt"]
[Date "2018.12.28"]
[Round "4.4"]
[White "Garzinsky, Dominik"]
[Black "Möhn, Hans"]
[Result "0-1"]
[WhiteElo "2085"]
[BlackElo "2364"]
[PlyCount "34"]
[EventDate "2018.12.26"]

1. c4 e6 2. g3 d5 3. Bg2 g6 4. Nf3 Bg7 5. O-O Ne7 6. d3 O-O 7. Nc3 Nbc6 8. Bd2
h6 9. Rb1 a5 10. Nb5 e5 11. cxd5 Nxd5 12. Nxe5 Nxe5 13. Bxd5 c6 14. f4 cxd5 15.
fxe5 Qb6+ 16. d4 Qxb5 17. Rc1 Be6 0-1

[Event "28. Erfurter Schachfestival 2018 - Meist"]
[Site "Erfurt"]
[Date "2018.12.28"]
[Round "4.5"]
[White "Lagunow, Raphael"]
[Black "Schulze, Lara"]
[Result "1-0"]
[WhiteElo "2409"]
[BlackElo "2175"]
[PlyCount "67"]
[EventDate "2018.12.26"]

1. e4 c5 2. Nf3 Nc6 3. d4 cxd4 4. Nxd4 Nf6 5. Nc3 d6 6. Bg5 e6 7. Qd2 a6 8.
O-O-O Bd7 9. f4 b5 10. Bxf6 gxf6 11. Kb1 Qb6 12. Nxc6 Bxc6 13. f5 Qc5 14. Bd3
h5 15. Qe1 b4 16. Nd5 Bxd5 17. exd5 e5 18. Qe2 a5 19. Bb5+ Ke7 20. Bc6 Rb8 21.
Rd3 Bh6 22. Rh3 Bg5 23. Rxh5 Rxh5 24. Qxh5 Qf2 25. Qg4 Rh8 26. a4 bxa3 27. Qf3
a2+ 28. Kxa2 Qxc2 29. h4 Rb8 30. Qc3 Qxg2 31. hxg5 Qxh1 32. Qxa5 Rc8 33. Qa7+
Kf8 34. g6 1-0

[Event "28. Erfurter Schachfestival 2018 - Meist"]
[Site "Erfurt"]
[Date "2018.12.28"]
[Round "4.6"]
[White "Muckle, Julius"]
[Black "Wichmann, Cliff"]
[Result "1-0"]
[WhiteElo "2349"]
[BlackElo "2266"]
[PlyCount "39"]
[EventDate "2018.12.26"]

1. d4 Nf6 2. c4 e6 3. Nc3 d5 4. Bg5 c5 5. cxd5 Qb6 6. Bxf6 Qxb2 7. Rc1 gxf6 8.
e3 cxd4 9. Rc2 Qb4 10. exd4 exd5 11. Bd3 Bd7 12. Nge2 Ba4 13. O-O Bxc2 14. Qxc2
Nc6 15. Rb1 Qe7 16. Nxd5 Qd6 17. Rxb7 Rc8 18. Bf5 Bh6 19. Bxc8 O-O 20. Qc5 1-0

[Event "28. Erfurter Schachfestival 2018 - Meist"]
[Site "Erfurt"]
[Date "2018.12.28"]
[Round "4.7"]
[White "Mooser, Stefan"]
[Black "Lubbe, Melanie"]
[Result "1-0"]
[WhiteElo "2255"]
[BlackElo "2345"]
[PlyCount "102"]
[EventDate "2018.12.26"]

1. d4 Nf6 2. Nf3 g6 3. g3 Bg7 4. Bg2 O-O 5. O-O d6 6. c4 c6 7. Nc3 Qb6 8. e3
Qa6 9. Qe2 Be6 10. b3 d5 11. cxd5 Nxd5 12. Qxa6 Nxa6 13. Nxd5 Bxd5 14. Ba3 Rfe8
15. Rac1 Nc7 16. Nd2 Bxg2 17. Kxg2 Kf8 18. Nc4 Red8 19. Na5 Nb5 20. Bb4 Rd7 21.
Rc2 f5 22. Rfc1 Kf7 23. a4 Nd6 24. Bxd6 exd6 25. b4 Bf6 26. Kf3 Bd8 27. Nc4 Ke6
28. Ke2 g5 29. f3 Bf6 30. b5 cxb5 31. axb5 Re8 32. Kd3 d5 33. Na5 Kd6 34. Rc8
Bd8 35. Rb8 Ree7 36. Nxb7+ Rxb7 37. Rxd8+ Red7 38. Rc6+ Ke7 39. Rh8 Rxb5 40.
Rxh7+ Kd8 41. Rh8+ Ke7 42. Rg6 Rb3+ 43. Ke2 Rb2+ 44. Kd3 Rb3+ 45. Kd2 f4 46.
Rxg5 fxe3+ 47. Ke2 Kf6 48. h4 Rb2+ 49. Kxe3 Re7+ 50. Kf4 Ree2 51. Rh6+ Kf7 1-0

[Event "28. Erfurter Schachfestival 2018 - Meist"]
[Site "Erfurt"]
[Date "2018.12.28"]
[Round "4.8"]
[White "Lubbe, Nikolas"]
[Black "Schroeder, Christoph"]
[Result "1-0"]
[WhiteElo "2449"]
[BlackElo "2169"]
[PlyCount "113"]
[EventDate "2018.12.26"]

1. d4 e6 2. c4 Nf6 3. Nc3 Bb4 4. e3 O-O 5. Bd3 c5 6. a3 Bxc3+ 7. bxc3 Nc6 8.
Nf3 d6 9. e4 e5 10. d5 Ne7 11. h3 Ng6 12. g4 Re8 13. Qc2 Qa5 14. Ng1 h6 15. f3
Bd7 16. Bd2 Nh7 17. Ne2 Nh4 18. Kf2 g5 19. Ng3 f6 20. Nf5 Bxf5 21. exf5 Nf8 22.
Rab1 Rab8 23. Rb5 Qxa3 24. Rb2 Qa5 25. Ra2 Qc7 26. Rxa7 Nd7 27. Rb1 e4 28. Bxe4
Ne5 29. Qa4 Kf7 30. Rb5 Re7 31. Qb3 Kf8 32. Qa2 Ree8 33. Qb3 Re7 34. Kg3 Nf7
35. Qb1 Nd8 36. Be1 Nf7 37. Kh2 Ne5 38. Bxh4 gxh4 39. Kg2 Rh7 40. f4 Nxc4 41.
Qd3 Nb6 42. c4 Re7 43. Ra2 Rbe8 44. Re2 Nd7 45. Kf3 b6 46. Rbb2 Ra8 47. Ra2
Ree8 48. Qb1 Qb7 49. Rxa8 Qxa8 50. Qe1 Qa3+ 51. Re3 Qa2 52. Qxh4 Kg7 53. Qh5
Re7 54. Qg6+ Kh8 55. Bd3 Rxe3+ 56. Kxe3 Nf8 57. Qxf6+ 1-0

[Event "28. Erfurter Schachfestival 2018 - Meist"]
[Site "Erfurt"]
[Date "2018.12.28"]
[Round "4.9"]
[White "Lagunow, Alexander"]
[Black "Greßmann, Moritz"]
[Result "1/2-1/2"]
[WhiteElo "2392"]
[BlackElo "2124"]
[PlyCount "104"]
[EventDate "2018.12.26"]

1. c4 e5 2. Nc3 Nf6 3. g3 d5 4. cxd5 Nxd5 5. Bg2 Nb6 6. Nf3 Nc6 7. O-O Be7 8.
d3 O-O 9. Be3 Be6 10. a3 f6 11. Nd2 Nd5 12. Qb3 Na5 13. Bxd5 Nxb3 14. Bxe6+ Kh8
15. Nxb3 f5 16. Bd5 c6 17. Bg2 h5 18. f4 exf4 19. gxf4 Bf6 20. Bc5 Re8 21. Bf3
Re6 22. Kh1 b6 23. Bg1 Rc8 24. d4 g6 25. Rad1 Bg7 26. d5 cxd5 27. Nd4 Re8 28.
Ndb5 Qf6 29. Bd4 Qe6 30. Nxa7 Bxd4 31. Rxd4 Rxc3 32. bxc3 Qd7 33. Rxd5 Qxa7 34.
Rd6 Kh7 35. Rb1 Qxa3 36. Rbxb6 Qxc3 37. Rxg6 Qe1+ 38. Rg1 Qh4 39. Rbg6 Qxf4 40.
Rg7+ Kh8 41. R7g5 Re6 42. Bxh5 Rf6 43. Bf3 Kh7 44. Rg7+ Kh6 45. Rg8 Kh7 46.
R1g7+ Kh6 47. Rg3 Kh7 48. R8g7+ Kh6 49. Kg2 Re6 50. Rg8 Kh7 51. h4 Rd6 52.
R3g7+ Kh6 1/2-1/2

[Event "28. Erfurter Schachfestival 2018 - Meist"]
[Site "Erfurt"]
[Date "2018.12.28"]
[Round "4.10"]
[White "Henrich, David"]
[Black "Stein, Robert"]
[Result "0-1"]
[WhiteElo "2155"]
[BlackElo "2306"]
[PlyCount "112"]
[EventDate "2018.12.26"]

1. c4 Nf6 2. Nc3 e5 3. Nf3 Nc6 4. g3 Bb4 5. Bg2 O-O 6. O-O Re8 7. d3 Bxc3 8.
bxc3 e4 9. Ng5 exd3 10. exd3 d6 11. Ne4 Nxe4 12. Bxe4 Qf6 13. Re1 Bf5 14. Bxf5
Qxf5 15. Rxe8+ Rxe8 16. f4 Qc5+ 17. Kf1 d5 18. Qh5 Qa5 19. Bd2 dxc4 20. Qxa5
Nxa5 21. d4 f5 22. Kf2 b6 23. Bc1 Kf7 24. Ba3 Nc6 25. Rb1 Rd8 26. Rb5 g6 27.
Rb1 Rd5 28. Bb4 a5 29. Ba3 Na7 30. Re1 Nb5 31. Bb2 Nd6 32. Rc1 Ne4+ 33. Ke3 c5
34. a4 Ke6 35. Ba1 Kd6 36. Rb1 Kc6 37. Bb2 Rd7 38. Rd1 cxd4+ 39. cxd4 b5 40.
axb5+ Kxb5 41. Rb1 Kb4 42. Bc1+ Kc3 43. Rb5 a4 44. Ba3 Nf6 45. Bc5 Nd5+ 46. Ke2
Rd8 47. Ra5 Re8+ 48. Kf2 Kb3 49. Rb5+ Kc2 50. Ra5 Nc3 51. Bb6 Rb8 52. Bc7 Rb7
53. Be5 Rb5 54. Rxb5 Nxb5 55. d5 a3 56. Ba1 Kb1 0-1

[Event "28. Erfurter Schachfestival 2018 - Meist"]
[Site "Erfurt"]
[Date "2018.12.28"]
[Round "4.11"]
[White "Derichs, Roger"]
[Black "Scheckenbach, Franz"]
[Result "1-0"]
[WhiteElo "2295"]
[BlackElo "2132"]
[PlyCount "73"]
[EventDate "2018.12.26"]

1. Nf3 Nf6 2. c4 g6 3. Nc3 Bg7 4. e4 O-O 5. d4 d6 6. Be3 Ng4 7. Bg5 h6 8. Bh4
Nd7 9. Be2 c5 10. d5 a6 11. Nd2 Ngf6 12. f4 Nh7 13. Nf3 Ndf6 14. Qd2 Bd7 15.
O-O b5 16. Bd3 b4 17. Nd1 Bg4 18. e5 Ne8 19. e6 f5 20. h3 Bxf3 21. Rxf3 Nef6
22. Nf2 h5 23. Kh1 Kh8 24. Rg1 Ng8 25. g4 Nh6 26. Rfg3 Bd4 27. gxh5 Rg8 28.
hxg6 Nf8 29. Qe2 Kg7 30. Bg5 Rh8 31. Bxh6+ Rxh6 32. Bxf5 Qa5 33. Bb1 Rb8 34.
R3g2 b3 35. a3 Qa4 36. Ng4 Rh4 37. f5 1-0

[Event "28. Erfurter Schachfestival 2018 - Meist"]
[Site "Erfurt"]
[Date "2018.12.28"]
[Round "4.12"]
[White "Pallas, Sebastian"]
[Black "Greiner, Timo"]
[Result "1-0"]
[WhiteElo "2292"]
[BlackElo "2109"]
[PlyCount "147"]
[EventDate "2018.12.26"]

1. e4 c5 2. Nf3 Nc6 3. d4 cxd4 4. Nxd4 Nf6 5. Nc3 e5 6. Ndb5 d6 7. Bg5 a6 8.
Na3 b5 9. Bxf6 gxf6 10. Nd5 f5 11. c3 Bg7 12. exf5 Bxf5 13. Nc2 O-O 14. Nce3
Be6 15. Bd3 f5 16. O-O Ra7 17. f4 e4 18. Bc2 Ne7 19. Bb3 Kh8 20. Nxe7 Rxe7 21.
Bxe6 Rxe6 22. Qd5 Ref6 23. Kh1 Qb6 24. Rfe1 a5 25. Rad1 Bh6 26. g3 Bg7 27. Qd2
Rg6 28. Qd5 Rgf6 29. Qb3 Rh6 30. Rd5 b4 31. Re2 Qa6 32. c4 Rhf6 33. Qa4 Ra8 34.
b3 Qa7 35. Kg2 Qf7 36. Qc6 Rg8 37. Rxd6 Qh5 38. Rf2 Rxd6 39. Qxd6 Bc3 40. Qd1
Qxd1 41. Nxd1 Rd8 42. Ne3 Rf8 43. Nd5 Bd4 44. Rd2 Bc5 45. Nc7 Bb6 46. Nd5 Bc5
47. Kf1 Rd8 48. Ke2 Kg7 49. Rd1 Kf7 50. Rf1 h5 51. Rd1 Rd7 52. Ne3 Rxd1 53.
Nxd1 Ke6 54. Nf2 Bd6 55. Nh3 Kf6 56. Ng5 Bc5 57. Ke1 Bg1 58. Kf1 Bc5 59. Nh3
Bd6 60. Nf2 Ke6 61. Nd1 Bc5 62. Ke2 Bd4 63. Ne3 Bc5 64. h3 Bd6 65. Nd5 Bc5 66.
Kf1 Kd6 67. Nf6 h4 68. gxh4 Ke6 69. Nd5 Kf7 70. h5 Kg7 71. Ke2 Bd6 72. Ne3 Kf6
73. h6 Bxf4 74. Nd5+ 1-0

[Event "28. Erfurter Schachfestival 2018 - Meist"]
[Site "Erfurt"]
[Date "2018.12.28"]
[Round "4.13"]
[White "Schiffer, Stefan"]
[Black "Schupp, Uwe"]
[Result "1-0"]
[WhiteElo "2264"]
[BlackElo "2103"]
[PlyCount "73"]
[EventDate "2018.12.26"]

1. e4 d6 2. d4 Nf6 3. Nc3 e5 4. dxe5 dxe5 5. Qxd8+ Kxd8 6. Nf3 Bd6 7. Be3 h6 8.
O-O-O Ke7 9. Nd2 Be6 10. f3 a6 11. Nc4 b5 12. Nxd6 cxd6 13. Be2 Nc6 14. Kb1 Na5
15. b3 Rab8 16. g4 Rhc8 17. Kb2 Rc6 18. Nd5+ Bxd5 19. exd5 Rc7 20. Rd2 Nd7 21.
h4 Rbc8 22. f4 Rc3 23. Bd3 Nb7 24. Re2 R3c7 25. g5 h5 26. Bd4 Nbc5 27. Bf5 g6
28. Bh3 e4 29. f5 Re8 30. Rf1 Kd8 31. fxg6 fxg6 32. Rf7 Ne5 33. Rf6 Nf3 34.
Rxd6+ Ke7 35. Bxc5 Rxc5 36. Rxg6 Kf7 37. Rf6+ 1-0

[Event "28. Erfurter Schachfestival 2018 - Meist"]
[Site "Erfurt"]
[Date "2018.12.28"]
[Round "4.14"]
[White "Rensch, Toralf"]
[Black "Biebinger, Gerhard"]
[Result "0-1"]
[WhiteElo "2101"]
[BlackElo "2263"]
[PlyCount "84"]
[EventDate "2018.12.26"]

1. e4 e6 2. d4 d5 3. exd5 exd5 4. Qf3 Nf6 5. h3 Bd6 6. Bd3 O-O 7. Ne2 Re8 8.
O-O c6 9. c3 Be6 10. Bf4 Bf8 11. Nd2 Nbd7 12. Rfe1 Qb6 13. b4 a5 14. a3 Qd8 15.
Bg3 Nb6 16. Bh4 Be7 17. Nf4 axb4 18. Nxe6 fxe6 19. axb4 Rxa1 20. Rxa1 Nbd7 21.
Bg3 Bf8 22. Qe2 g6 23. Nf3 Bg7 24. Ra7 Qc8 25. Qa2 Nh5 26. Bh2 Bh6 27. Bf1 Bf4
28. Bxf4 Nxf4 29. g3 Nh5 30. c4 dxc4 31. Bxc4 Nb6 32. Bb3 Nf6 33. b5 cxb5 34.
Qa5 Qc1+ 35. Kg2 Qc6 36. Qe1 Nc4 37. Ra2 Kg7 38. Re2 h6 39. Qa1 Rf8 40. Bd1 Nd5
41. Ra2 b4 42. Kg1 Nc3 0-1

[Event "28. Erfurter Schachfestival 2018 - Meist"]
[Site "Erfurt"]
[Date "2018.12.28"]
[Round "4.15"]
[White "Schmidt, Markus"]
[Black "Zeier, Klaus"]
[Result "0-1"]
[WhiteElo "2089"]
[BlackElo "2247"]
[PlyCount "122"]
[EventDate "2018.12.26"]

1. c4 Nf6 2. g3 e6 3. Bg2 d5 4. Nf3 Be7 5. O-O O-O 6. b3 b6 7. Bb2 Bb7 8. cxd5
exd5 9. d4 Nbd7 10. Nc3 Re8 11. Ne5 c5 12. Nd3 cxd4 13. Nb5 Ne4 14. Nxd4 Bf6
15. Rc1 Rc8 16. Rxc8 Qxc8 17. Qa1 Ndc5 18. Nf4 Be5 19. Bh3 Qd8 20. Nf5 Bxb2 21.
Qxb2 Qf6 22. Qxf6 Nxf6 23. Nd6 Rd8 24. Nxb7 Nxb7 25. Rc1 Nc5 26. b4 Na4 27. Rc7
a5 28. bxa5 bxa5 29. Ra7 Nc3 30. Rxa5 g5 31. Nd3 Nxe2+ 32. Kf1 Nc3 33. Bg2 Rb8
34. Ke1 h6 35. Kd2 d4 36. Ra6 Kg7 37. a4 Re8 38. a5 Re2+ 39. Kc1 Na2+ 40. Kd1
Nc3+ 41. Kc1 Nfe4 42. Bxe4 Nxe4 43. f3 Nc3 44. Rd6 Rxh2 45. Nb4 Na2+ 46. Nxa2
Rxa2 47. Rxd4 Rxa5 48. Kd2 Re5 49. f4 Re6 50. fxg5 hxg5 51. Kd3 Kg6 52. g4 f5
53. gxf5+ Kxf5 54. Ra4 g4 55. Ra5+ Kf4 56. Ra4+ Kf3 57. Kd2 g3 58. Ra3+ Kf2 59.
Ra8 Rd6+ 60. Kc3 g2 61. Rf8+ Kg1 0-1

[Event "28. Erfurter Schachfestival 2018 - Meist"]
[Site "Erfurt"]
[Date "2018.12.28"]
[Round "4.16"]
[White "Weishäutel, Moritz"]
[Black "Wolf, Pablo"]
[Result "1-0"]
[WhiteElo "2243"]
[BlackElo "2105"]
[PlyCount "51"]
[EventDate "2018.12.26"]

1. e4 c5 2. Nf3 d6 3. d4 cxd4 4. Nxd4 Nf6 5. Nc3 a6 6. Bg5 e6 7. f4 Be7 8. Qf3
d5 9. e5 Ne4 10. Bxe7 Qxe7 11. Nxe4 dxe4 12. Qc3 O-O 13. O-O-O b5 14. g4 Bb7
15. Bg2 Bd5 16. Nf5 exf5 17. Rxd5 b4 18. Qd2 fxg4 19. Bxe4 Ra7 20. h3 gxh3 21.
Bxh7+ Kxh7 22. Qd3+ Kg8 23. Qxh3 f5 24. e6 Qxe6 25. Qh7+ Kf7 26. Rxf5+ 1-0

[Event "28. Erfurter Schachfestival 2018 - Meist"]
[Site "Erfurt"]
[Date "2018.12.28"]
[Round "4.17"]
[White "Mooser, Nicolas"]
[Black "Rewitz, Poul"]
[Result "0-1"]
[WhiteElo "2032"]
[BlackElo "2240"]
[PlyCount "102"]
[EventDate "2018.12.26"]

1. d4 c6 2. Nf3 g6 3. g3 Bg7 4. Bg2 f5 5. O-O Nf6 6. b3 O-O 7. Bb2 d6 8. Nbd2
Na6 9. c4 Qe8 10. Qc2 Kh8 11. Rae1 h6 12. e4 Nh7 13. a3 g5 14. e5 d5 15. Nb1
Nc7 16. Nc3 Be6 17. Na4 b6 18. h3 Rc8 19. c5 b5 20. Nc3 a5 21. Nh2 f4 22. g4
Bf7 23. f3 Bg6 24. Qd2 Ne6 25. Rf2 Qf7 26. Rd1 Rfd8 27. Na2 Ra8 28. Bc3 a4 29.
bxa4 Rxa4 30. Bb4 Rda8 31. Nc3 R4a7 32. Ra1 Nhf8 33. Re2 Bh7 34. Kf2 Qg6 35.
Rd1 Nd7 36. Ree1 Nb8 37. Bf1 Na6 38. Kg1 Nxb4 39. axb4 Ra3 40. Rc1 h5 41. Rcd1
Qc2 42. Bxb5 cxb5 43. Nxd5 hxg4 44. hxg4 Nxd4 45. Qxd4 Ra2 46. Rd2 Qxd2 47.
Qxd2 Rxd2 48. Nb6 Raa2 49. Nf1 Rdc2 50. Rd1 Bxe5 51. Rd8+ Kg7 0-1

[Event "28. Erfurter Schachfestival 2018 - Meist"]
[Site "Erfurt"]
[Date "2018.12.28"]
[Round "4.18"]
[White "Pedersen, Lars Wilton"]
[Black "Schulz, Karsten"]
[Result "1/2-1/2"]
[WhiteElo "2024"]
[BlackElo "2240"]
[PlyCount "52"]
[EventDate "2018.12.26"]

1. d4 g6 2. Nf3 Bg7 3. e4 d6 4. Be2 Nf6 5. Nc3 O-O 6. O-O e6 7. Bg5 h6 8. Be3
Nc6 9. Qd2 Kh7 10. h3 b6 11. Rad1 Bb7 12. Qe1 Ne7 13. Nd2 Nd7 14. f3 a6 15. a4
d5 16. Nb3 Qe8 17. g4 Rc8 18. a5 c5 19. axb6 cxd4 20. Bxd4 e5 21. Bf2 d4 22.
Na4 Rxc2 23. Bd3 Rc8 24. Na5 Nb8 25. b3 Bc6 26. b7 Rc7 1/2-1/2

[Event "28. Erfurter Schachfestival 2018 - Meist"]
[Site "Erfurt"]
[Date "2018.12.28"]
[Round "4.19"]
[White "Sobolevsky, Leonid"]
[Black "Pubantz, Jan"]
[Result "0-1"]
[WhiteElo "2214"]
[BlackElo "2102"]
[PlyCount "60"]
[EventDate "2018.12.26"]

1. e4 c5 2. Nf3 d6 3. d4 cxd4 4. Nxd4 Nf6 5. Nc3 a6 6. Bg5 Nbd7 7. Bc4 e6 8.
Qd2 h6 9. Be3 Nc5 10. f3 Qc7 11. Be2 Be7 12. a4 b6 13. O-O Bb7 14. b4 Ncd7 15.
b5 a5 16. Nc6 Ne5 17. Qd4 Bxc6 18. bxc6 O-O 19. Qxb6 Rfc8 20. Qxc7 Rxc7 21. Nb5
Rxc6 22. Nd4 Rcc8 23. Rfb1 d5 24. Rb5 Nc4 25. Bf2 dxe4 26. Nb3 e3 27. Be1 Na3
28. Rxa5 Nxc2 29. Rc1 Nxe1 30. Ra7 Nxf3+ 0-1

[Event "28. Erfurter Schachfestival 2018 - Meist"]
[Site "Erfurt"]
[Date "2018.12.28"]
[Round "4.20"]
[White "Kemper, Yannick"]
[Black "Feldmann, Johannes"]
[Result "1/2-1/2"]
[WhiteElo "1877"]
[BlackElo "2212"]
[PlyCount "32"]
[EventDate "2018.12.26"]

1. e4 e6 2. d4 d5 3. Nc3 Nf6 4. e5 Nfd7 5. f4 c5 6. Nf3 Nc6 7. Be3 a6 8. Qd2 b5
9. dxc5 Bxc5 10. Bd3 Qb6 11. Bf2 h6 12. O-O Bxf2+ 13. Qxf2 Qxf2+ 14. Kxf2 Ke7
15. a3 Rb8 16. b4 Nxb4 1/2-1/2

[Event "28. Erfurter Schachfestival 2018 - Haupt"]
[Site "Erfurt"]
[Date "2018.12.28"]
[Round "5.1"]
[White "Reichelt, Ole"]
[Black "Goeke, Bernd"]
[Result "1-0"]
[WhiteElo "1860"]
[BlackElo "2021"]
[PlyCount "61"]
[EventDate "2018.12.26"]

1. d4 d5 2. c4 e6 3. Nc3 Nf6 4. Bg5 Be7 5. Nf3 Nbd7 6. cxd5 exd5 7. e3 c6 8.
Bd3 O-O 9. O-O Re8 10. Qc2 Nf8 11. h3 h6 12. Bf4 Bd6 13. Bxd6 Qxd6 14. Rab1 Be6
15. b4 Rac8 16. Na4 b6 17. Rfc1 N8d7 18. Ba6 Rc7 19. Nc3 Nb8 20. Bd3 Rec8 21.
Qe2 Qe7 22. Ne5 Nfd7 23. f4 Nf8 24. Rf1 f6 25. Nf3 Re8 26. f5 Bf7 27. e4 dxe4
28. Bxe4 Qd6 29. Qd3 Bd5 30. Bxd5+ cxd5 31. Nb5 1-0

[Event "28. Erfurter Schachfestival 2018 - Haupt"]
[Site "Erfurt"]
[Date "2018.12.28"]
[Round "5.2"]
[White "Siebarth, Marco"]
[Black "Fleischmann, Yannic"]
[Result "1-0"]
[WhiteElo "2008"]
[BlackElo "1785"]
[PlyCount "107"]
[EventDate "2018.12.26"]

1. e4 e5 2. Nf3 Nc6 3. Bb5 a6 4. Bxc6 dxc6 5. O-O Bd6 6. d4 exd4 7. Qxd4 Bf8 8.
Qxd8+ Kxd8 9. Rd1+ Ke8 10. Bf4 Bd6 11. Bxd6 cxd6 12. Rxd6 Ke7 13. Rd2 Nf6 14.
Nc3 Be6 15. Rad1 Rhd8 16. Rxd8 Rxd8 17. Rxd8 Kxd8 18. Ng5 Ke7 19. Nxe6 Kxe6 20.
f3 Ke5 21. Kf2 Ne8 22. Ke3 Nd6 23. f4+ Ke6 24. b3 f6 25. Ne2 c5 26. c4 b5 27.
cxb5 axb5 28. a3 f5 29. e5 Ne4 30. Ng3 Nc3 31. Kd3 Nd1 32. Kd2 Nf2 33. Ke2 Ng4
34. a4 c4 35. axb5 cxb3 36. Kd3 Ne3 37. Kc3 Nd5+ 38. Kxb3 Nxf4 39. Kc4 g6 40.
b6 Nd5 41. b7 Nb6+ 42. Kd4 Nd7 43. Ne2 g5 44. Nc1 Nxe5 45. b8=N h5 46. Nd3 Nxd3
47. Kxd3 Ke5 48. Ke2 Kf4 49. Nc6 h4 50. Nb4 g4 51. Nd3+ Ke4 52. h3 Kd4 53. Nf4
Ke5 54. Ke3 1-0

[Event "28. Erfurter Schachfestival 2018 - Haupt"]
[Site "Erfurt"]
[Date "2018.12.28"]
[Round "5.3"]
[White "Boerma, Daniel"]
[Black "Schindele, Andreas"]
[Result "1/2-1/2"]
[WhiteElo "1856"]
[BlackElo "1940"]
[PlyCount "76"]
[EventDate "2018.12.26"]

1. g3 d5 2. Bg2 e5 3. d3 Nf6 4. Bg5 Be7 5. Nd2 O-O 6. Bxf6 Bxf6 7. e4 c6 8. Ne2
Be6 9. Nc3 Na6 10. a3 Nc7 11. O-O Qd7 12. Re1 Rad8 13. Rb1 b6 14. b4 Rfe8 15.
a4 g6 16. b5 d4 17. bxc6 Qxc6 18. Ne2 Qxa4 19. f4 Bg4 20. h3 Bxe2 21. Rxe2 Qd7
22. Rf2 Nb5 23. Qf1 exf4 24. gxf4 Bh4 25. Rf3 Na3 26. Rc1 Rc8 27. Qd1 Qa4 28.
c4 Qxd1+ 29. Rxd1 b5 30. cxb5 Nxb5 31. Nc4 Rc7 32. Ra1 Nc3 33. Nd2 Ne2+ 34. Kh2
Rb8 35. Ra2 Nc3 36. Ra3 Rb2 37. Nc4 Rb1 38. Bf1 Be7 1/2-1/2

[Event "28. Erfurter Schachfestival 2018 - Haupt"]
[Site "Erfurt"]
[Date "2018.12.28"]
[Round "5.5"]
[White "Reinhardt, Michael"]
[Black "Röhr, Oliver"]
[Result "1/2-1/2"]
[WhiteElo "1760"]
[BlackElo "1878"]
[PlyCount "62"]
[EventDate "2018.12.26"]

1. b3 e5 2. Bb2 Nc6 3. e3 Nf6 4. Bb5 d6 5. Bxc6+ bxc6 6. Ne2 Be7 7. O-O O-O 8.
d3 Re8 9. Nd2 Bf8 10. e4 Bg4 11. Qe1 d5 12. f3 Bh5 13. Qg3 Bg6 14. Rad1 Bc5+
15. Kh1 Be3 16. Bc1 Nh5 17. Qe1 h6 18. Ng3 Nxg3+ 19. Qxg3 Qg5 20. Qxg5 Bxg5 21.
Nb1 Bxc1 22. Rxc1 Rad8 23. g4 f6 24. h4 Bf7 25. Rcd1 g5 26. h5 Be6 27. Nc3 Kf7
28. Kg2 Rd6 29. Kf2 Red8 30. Ke2 Bc8 31. Na4 Ke7 1/2-1/2

[Event "28. Erfurter Schachfestival 2018 - Haupt"]
[Site "Erfurt"]
[Date "2018.12.28"]
[Round "5.6"]
[White "Minor, Viatcheslav"]
[Black "Hagenbeck-Hübert, Lara"]
[Result "1-0"]
[WhiteElo "2022"]
[BlackElo "1827"]
[PlyCount "75"]
[EventDate "2018.12.26"]

1. e4 Nf6 2. e5 Nd5 3. d4 d6 4. Nf3 g6 5. Be2 Bg7 6. O-O O-O 7. c4 Nb6 8. exd6
cxd6 9. h3 Nc6 10. Nc3 e6 11. Bf4 a6 12. Bg5 f6 13. Bc1 d5 14. c5 Nd7 15. Rb1
Ne7 16. b4 e5 17. dxe5 Nxe5 18. Nd4 Nf5 19. f4 Nc6 20. Nxf5 Bxf5 21. Bd3 Be6
22. f5 Bf7 23. Bf4 Ne5 24. Bc2 d4 25. Ne4 d3 26. fxg6 hxg6 27. Nd6 dxc2 28.
Qxc2 Qc7 29. Rf2 Kh8 30. Rbf1 Nc6 31. Ne8 Qd7 32. Nxg7 Kxg7 33. Bd6 Nxb4 34.
Qb2 Nd5 35. Rxf6 Kg8 36. R6f3 Ne7 37. Qf6 Rae8 38. Be5 1-0